000 00802nas a2200265 4500
001 BR0805096
003 BR-BrBNA
005 20231205111910.0
007 ta
008 230509b bl.|||p| |||| 00| 00por d
040 _aBR-BrBNA
_bpor
_cBiblioteca Nacional de Agricultura
041 _a(Pt)
072 _aU40
100 1 _aBecegato, V.A.
100 1 _aMaciel, M.M.
100 1 _aCabral, J.B.P.
100 1 _aMachado, R.V.
245 1 _aSistema de informação geográfica para estudo temporal do uso do solo
650 _aSOLO
650 _aFOTOINTERPRETAÇÃO
650 _aAEROFOTOGRAMETRIA
773 0 _tRevista de Ciências Agroveterinárias (Brazil)
_xISSN 1679-9732
_g(Jan-Jun 2004), v. 3(1) p. 9-19
_wBR0805096
909 _a202311
_bLúcia
_c55
_dLúcia Elande
942 _2AGRIS
_n0
_cANA
999 _c195022
_d195022